LEADER 01050nam--2200361---450- 001 990000357230203316 035 $a0035723 035 $aUSA010035723 035 $a(ALEPH)000035723USA01 035 $a0035723 100 $a20010313d1965----km-y0itay0103----ba 101 $aeng 102 $aUS 105 $a||||||||001yy 200 1 $aLearning machines$fNils J. Nilsson 210 $aNew York$cMcGraw Hill$d1965 215 $aXI, 137 p.$cill.$d23 cm 225 2 $aMcGraw Hill series in systems science 410 $12001$aMcGraw Hill series in systems science 461 1$1001-------$12001 676 $a001.53 700 1$aNILSSON,$bNils J.$049584 801 0$aIT$bsalbc$gISBD 912 $a990000357230203316 951 $a001.53 NIL$b6918$c001.53$d00104946 951 $a001.53 NIL A$b6912$c001.53$d00104945 959 $aBK 969 $aSCI 979 $aPATTY$b90$c20010313$lUSA01$h1222 979 $c20020403$lUSA01$h1643 979 $aPATRY$b90$c20040406$lUSA01$h1625 996 $aLearning machines$9338598 997 $aUNISA LEADER 01154nam--2200361---450- 001 990003114150203316 005 20080604095632.0 010 $a978-92-9167-964-5 035 $a000311415 035 $aUSA01000311415 035 $a(ALEPH)000311415USA01 035 $a000311415 100 $a20080604d2007----km-y0itay0103----ba 101 $aeng 102 $aLU 105 $a||||||||001yy 200 1 $aAir pollution in Europe, 1990-2004$fEuropean environment agency 210 $aLuxembourg$cOffice for official publications of the European Communities$d2007 215 $a79 p.$cill.$d30 cm 225 2 $aEEA report$v2/2007 410 0$12001$aEEA report$v4/2003 606 0 $aInquinamento atmosferico$yPaesi della Comunità europea 676 $a363.7392094 699 $a16.04$bLotta all'inquinamento 710 02$aAGENZIA EUROPEA DELL'AMBIENTE$0541548 801 0$aIT$bsalbc$gISBD 912 $a990003114150203316 951 $aCDE 16.04 (XXXVIII)$bCDE 1795$cCDE 16.04$d00149998 959 $aBK 969 $aCDE 979 $aMARIAS$b90$c20080604$lUSA01$h0956 996 $aAir pollution in Europe, 1990-2004$91020350 997 $aUNISA